MARC

LEADER 00000nam0a2200000 4500
001 290385
005 20231102000300.0
020 |a RU  |b 83-85798 
035 |a (RuTPU)RU\TPU\book\314935 
090 |a 290385 
100 |a 20150406d1983 k y0rusy5003 ca 
101 0 |a rus 
102 |a UA 
105 |a a z 001zb 
200 1 |a Успехи коллоидной химии  |e сборник научных трудов   |f Академия наук Украинской ССР (АН УССР), Институт коллоидной химии и химии воды им. А. В. Думанского ; под ред. Ф. Д. Овчаренко 
210 |a Киев  |c Наукова думка  |d 1983 
215 |a 256 с.  |c ил., 1 л. портр. 
320 |a Библиогр. в конце ст. 
600 1 |a Думанский  |b А. В.  |c один из основателей коллоидной химии в России  |c академик АН УССР  |f 1880-?  |g Антон Владимирович  |2 stltpush  |3 (RuTPU)RU\TPU\pers\25349  |9 11319 
606 1 |a Коллоидная химия  |2 stltpush  |3 (RuTPU)RU\TPU\subj\68635  |9 83831 
610 1 |a физико-химическая механика 
610 1 |a дисперсные системы 
610 1 |a электроповерхностные явления 
610 1 |a устойчивость 
610 1 |a поверхностно-активные вещества 
675 |a 544.7  |z rus  |v 4 
702 1 |a Овчаренко  |b Ф. Д.  |g Федор Данилович  |4 340 
712 0 2 |a Академия наук Украинской ССР (АН УССР)  |b Институт коллоидной химии и химии воды им. А. В. Думанского  |c (Киев)  |2 stltpush  |3 (RuTPU)RU\TPU\col\11823 
801 0 |a RU  |b RuMRKP  |c 19950704  |g psbo 
801 1 |a RU  |b 63413507  |c 20150406 
801 2 |a RU  |b 63413507  |c 20170711  |g RCR 
942 |c BK